Statistics for Africa Map Quiz

Click here to take the quiz!

General Stats

  • This quiz has been taken 23 times
  • The average score is 37 of 54

Answers on the Map

Answers color-coded by a green-red scale on the quiz's map according to % correct below.
 

Answer Stats

Answer% Correct
Egypt
90%
Morocco
90%
Algeria
85%
Libya
85%
South Sudan
85%
Sudan
85%
Tunisia
85%
Madagascar
80%
Angola
75%
Democratic Republic of the Congo
75%
Ethiopia
75%
Kenya
75%
Mozambique
75%
Somalia
75%
South Africa
75%
Central African Republic
70%
Chad
70%
Djibouti
70%
Eritrea
70%
Malawi
70%
Mauritius
70%
Nigeria
70%
Rwanda
70%
Botswana
65%
Burkina Faso
65%
Burundi
65%
Cameroon
65%
Comoros
65%
Equatorial Guinea
65%
Eswatini
65%
Gabon
65%
Lesotho
65%
Mali
65%
Namibia
65%
Niger
65%
São Tomé and Príncipe
65%
Seychelles
65%
Tanzania
65%
Uganda
65%
Cape Verde
60%
Ghana
60%
Guinea
60%
Guinea-Bissau
60%
Liberia
60%
Mauritania
60%
Sierra Leone
60%
Togo
60%
Zambia
60%
Zimbabwe
60%
Gambia
55%
Republic of the Congo
55%
Senegal
55%
Côte D'Ivoire
50%
Benin
30%

Score Distribution

Percentile by Number Answered

Percent of People with Each Score

Your Score History

You have not taken this quiz